| 000 | 00511nam a22001457a 4500 | ||
|---|---|---|---|
| 082 | _a BIT-10 AWA | ||
| 100 |
_a M. Awais Wali _993245 |
||
| 245 | _aCloud enabled project automatic management system | ||
| 260 |
_aIslamabad _bNUST School of Electrical Engineering and Computer Science _c2013 |
||
| 300 | _e CD-Rom | ||
| 500 | _aSupervisor: Dr. Mohsan Jameel | ||
| 700 |
_aM. Nawaz Khan, M. Imran Khan and M. Sabir _993246 |
||
| 856 | _uhttp://10.250.8.41:8080/xmlui/handle/123456789/29026 | ||
| 942 |
_cPR _2ddc |
||
| 999 |
_c12702 _d12702 |
||